000 00689nam a2200241Ia 4500
003 OSt
005 20220930200024.0
006 a|||||r|||| 00| 0
007 ta
008 220926b |||||||| |||| 00| 0 hin d
024 _a19870
037 _cDissertations
040 _aCRL
_cCRL
_bhin
041 _2hin
_ahin
100 _aMadhu Bala
110 _aUniversity of Delhi. Faculty of Arts. Department of Sanskrit
245 0 _aYashpal ke upanayaso mein naika ki parikalpana
260 _c1973
650 _aHINDI LITERATURE
_923866
700 _aUniversity of Delhi. Faculty of Arts. Department of Sanskrit
942 _cDIS
_2CC
999 _c900029
_d900029